[Event "Stare Mesto OPEN"]
[Site "?"]
[Date "2004.08.20"]
[Round "9.29"]
[White "Holusova, Tana"]
[Black "Borovicka, Bohumil"]
[Result "1-0"]
[WhiteElo "2153"]
[BlackElo "2073"]
[PlyCount "121"]
[EventDate "2004.??.??"]
[SourceDate "2004.08.20"]

1. e4 e6 2. d4 d5 3. exd5 Qxd5 4. Nf3 Nf6 5. Bd3 b6 6. O-O Bb7 7. Qe2 c6 8. Bf4
Be7 9. Be5 O-O 10. c4 Qd8 11. Nc3 Nbd7 12. Rad1 Re8 13. Rfe1 Bb4 14. Qc2 Bxc3
15. Qxc3 Qc8 16. Qc2 c5 17. Ng5 g6 18. b3 cxd4 19. Bxd4 e5 20. Bb2 Qc6 21. f3
Nc5 22. Bxe5 Nxd3 23. Qxd3 Qc5+ 24. Qd4 Nd7 25. Qxc5 Nxc5 26. b4 Ne6 27. Ne4
Bxe4 28. Rxe4 Rac8 29. Bf6 Rc7 30. Kf2 Rec8 31. Rc1 h6 32. f4 h5 33. h3 Ng7 34.
g4 Rc6 35. Bb2 Ne8 36. c5 Ng7 37. cxb6 Rxc1 38. Bxc1 axb6 39. Be3 hxg4 40. hxg4
Rc2+ 41. Kf3 Rxa2 42. Bxb6 Ne6 43. Rc4 Ra3+ 44. Ke4 Rg3 45. g5 Rg4 46. Ke5 Kg7
47. Re4 Rg2 48. Kd6 Rd2+ 49. Kc6 Kf8 50. Rc4 Ke7 51. Bc5+ Kd8 52. b5 Kc8 53.
Bd6 Nd8+ 54. Kb6+ Kd7 55. Be5 Ne6 56. Kb7 Rd5 57. b6 Nd8+ 58. Ka6 Nc6 59. b7
Rd3 60. Rc3 Nb8+ 61. Kb6 1-0

[Event "Stare Mesto OPEN"]
[Site "?"]
[Date "2004.08.20"]
[Round "9.30"]
[White "Hecko, Dusan"]
[Black "Vojacek, Zdenek"]
[Result "1/2-1/2"]
[WhiteElo "2152"]
[BlackElo "2025"]
[PlyCount "51"]
[EventDate "2004.??.??"]
[SourceDate "2004.08.20"]

1. e4 c5 2. Nc3 Nc6 3. g3 g6 4. Bg2 Bg7 5. d3 d6 6. Nge2 e5 7. O-O Nge7 8. Be3
O-O 9. Qd2 Nd4 10. f4 f5 11. Rae1 Rb8 12. Bxd4 cxd4 13. Nd1 Qb6 14. Kh1 Be6 15.
c4 Qa6 16. b3 Kh8 17. Nf2 fxe4 18. dxe4 b5 19. cxb5 Qxb5 20. Nd3 Nc6 21. Rc1
Nb4 22. Nxb4 Qxb4 23. Qxb4 Rxb4 24. Rc6 d3 25. Nc3 exf4 26. gxf4 1/2-1/2

[Event "Stare Mesto OPEN"]
[Site "?"]
[Date "2004.08.21"]
[Round "10.1"]
[White "Lechtynsky, Jiri"]
[Black "Plachetka, Jan"]
[Result "1/2-1/2"]
[WhiteElo "2485"]
[BlackElo "2435"]
[PlyCount "28"]
[EventDate "2004.08.21"]
[SourceDate "2004.08.21"]

1. d4 Nf6 2. Nf3 g6 3. c4 Bg7 4. Nc3 d5 5. Bf4 O-O 6. Rc1 c5 7. dxc5 dxc4 8.
Qxd8 Rxd8 9. e4 Na6 10. e5 Ng4 11. h3 Nh6 12. c6 bxc6 13. Bxc4 Nc5 14. O-O Bf5
1/2-1/2

[Event "Stare Mesto OPEN"]
[Site "?"]
[Date "2004.08.21"]
[Round "10.3"]
[White "Klima, Lukas"]
[Black "Jurkiewicz, Krzystof"]
[Result "1-0"]
[WhiteElo "2432"]
[BlackElo "2290"]
[PlyCount "101"]
[EventDate "2004.??.??"]
[SourceDate "2004.08.21"]

1. e4 d5 2. exd5 Qxd5 3. Nc3 Qa5 4. d4 Nf6 5. Nf3 Bf5 6. Bd2 c6 7. Ne4 Qc7 8.
Nxf6+ gxf6 9. g3 e6 10. Bg2 Bg4 11. O-O Nd7 12. c4 O-O-O 13. b4 e5 14. Qa4 Kb8
15. Be3 Nb6 16. Qb3 Be6 17. Rfc1 Nxc4 18. Rxc4 b5 19. Rxc6 Qxc6 20. Qa3 Bd5 21.
dxe5 Qb7 22. exf6 Bd6 23. Rd1 Bc7 24. Bc5 Be4 25. Re1 Rhe8 26. Be7 Rd3 27. Qxd3
Bxd3 28. Ne5 Qa6 29. Nxd3 Qxa2 30. Nc5 Rg8 31. Bc6 Qd2 32. Re3 Bd6 33. Kg2 Bxc5
34. bxc5 Kc7 35. Bxb5 Qd5+ 36. Kf1 Qh1+ 37. Ke2 Qb1 38. Bd6+ Kc8 39. Bd3 Qa2+
40. Kf1 Rd8 41. Bf5+ Kb7 42. Re7+ Kc6 43. Be4+ Kb5 44. Rb7+ Kc4 45. Rxf7 Qa1+
46. Kg2 Qd4 47. Bf3 a5 48. Rxh7 Qxf6 49. Be7 Qg6 50. Bxd8 Qxh7 51. c6 1-0

[Event "Stare Mesto OPEN"]
[Site "?"]
[Date "2004.08.21"]
[Round "10.4"]
[White "Zpevak, Pavel"]
[Black "Lasinskas, Povilas"]
[Result "1/2-1/2"]
[WhiteElo "2355"]
[BlackElo "2234"]
[PlyCount "27"]
[EventDate "2004.??.??"]
[SourceDate "2004.08.21"]

1. Nf3 c5 2. g3 b6 3. Bg2 Bb7 4. O-O g6 5. c4 Bg7 6. Nc3 e5 7. d3 Ne7 8. a3 O-O
9. Rb1 d6 10. b4 Nd7 11. Bd2 h6 12. Nb5 Rb8 13. Nc3 f5 14. Qc2 1/2-1/2

[Event "Stare Mesto OPEN"]
[Site "?"]
[Date "2004.08.21"]
[Round "10.5"]
[White "Dochev, Dimitar"]
[Black "Savege, Ben D"]
[Result "1/2-1/2"]
[WhiteElo "2353"]
[BlackElo "2204"]
[PlyCount "43"]
[EventDate "2004.??.??"]
[SourceDate "2004.08.21"]

1. e4 c5 2. Nf3 Nc6 3. d4 cxd4 4. Nxd4 Nf6 5. Nc3 e5 6. Ndb5 d6 7. Bg5 a6 8.
Na3 b5 9. Bxf6 gxf6 10. Nd5 Bg7 11. c3 f5 12. exf5 Bxf5 13. Nc2 O-O 14. Nce3
Bg6 15. a4 b4 16. Nxb4 Nxb4 17. cxb4 e4 18. Qd2 f5 19. Nd5 Be5 20. g3 Kh8 21.
Be2 Bf7 22. O-O 1/2-1/2

[Event "Stare Mesto OPEN"]
[Site "?"]
[Date "2004.08.21"]
[Round "10.7"]
[White "Sosna, Jan"]
[Black "Kempinski, Tomasz"]
[Result "0-1"]
[WhiteElo "2422"]
[BlackElo "2151"]
[PlyCount "106"]
[EventDate "2004.??.??"]
[SourceDate "2004.08.21"]

1. d4 Nf6 2. Nf3 g6 3. Bg5 Bg7 4. Nbd2 O-O 5. c3 d6 6. e4 Nbd7 7. Bc4 e5 8.
dxe5 dxe5 9. O-O Qe7 10. Re1 Nc5 11. Bh4 a5 12. b4 axb4 13. cxb4 Na4 14. Bb3
Nb6 15. Rc1 c6 16. Qe2 h6 17. b5 Bd7 18. Qe3 Na4 19. Nc4 g5 20. Bg3 Ng4 21. Qd2
Rfd8 22. h3 cxb5 23. Nd6 Be6 24. Rcd1 Bf8 25. hxg4 Rxd6 26. Qxd6 Qxd6 27. Rxd6
Bxd6 28. Nxe5 Bxb3 29. axb3 Nc5 30. Nd7 Bxg3 31. Nxc5 Bc7 32. g3 Ra2 33. Kf1
Bb6 34. Rc1 Rb2 35. Rc3 Kg7 36. Nd3 Rb1+ 37. Kg2 Bd4 38. Rc7 Rxb3 39. Nc5 Rc3
40. Ne6+ Kf6 41. Rxc3 Bxc3 42. Nc7 b4 43. Kf3 Ke5 44. Nb5 Bd4 45. Ke2 Kxe4 46.
Nd6+ Kd5 47. Nxf7 Bxf2 48. Nxh6 Bxg3 49. Kd3 Ke5 50. Ke3 Bf4+ 51. Kd3 Bc1 52.
Kc2 Be3 53. Kd3 Bc5 0-1

[Event "Stare Mesto OPEN"]
[Site "?"]
[Date "2004.08.21"]
[Round "10.8"]
[White "Hausner, Jan"]
[Black "Schutz, Joern"]
[Result "1-0"]
[WhiteElo "2419"]
[BlackElo "2266"]
[PlyCount "81"]
[EventDate "2004.??.??"]
[SourceDate "2004.08.21"]

1. d4 Nf6 2. c4 e6 3. g3 d5 4. Nf3 Be7 5. Bg2 O-O 6. O-O dxc4 7. Ne5 Nc6 8.
Nxc6 bxc6 9. Na3 Bxa3 10. bxa3 Nd5 11. Qa4 Nb6 12. Qxc6 Rb8 13. Qc5 Bb7 14. e4
Qd6 15. Bf4 Qxc5 16. dxc5 Nd7 17. Rfc1 Ba6 18. Bf1 Nxc5 19. Bxc4 Rfc8 20. Be3
Bxc4 21. Rxc4 Nd7 22. Bxa7 Ra8 23. Be3 Rxa3 24. Rac1 h6 25. Rxc7 Rxc7 26. Rxc7
Nf6 27. Ra7 Rxa7 28. Bxa7 Kf8 29. f3 Ke8 30. Bd4 Nh5 31. Be5 g5 32. g4 f6 33.
gxh5 fxe5 34. h4 gxh4 35. Kg2 Kd7 36. Kh3 Kc6 37. Kxh4 Kc5 38. Kg4 Kd4 39. a4
Kc4 40. f4 Kb4 41. f5 1-0

[Event "Stare Mesto OPEN"]
[Site "?"]
[Date "2004.08.21"]
[Round "10.9"]
[White "Maryasin, Boris"]
[Black "Blumel, Otto"]
[Result "0-1"]
[WhiteElo "2394"]
[BlackElo "2244"]
[PlyCount "116"]
[EventDate "2004.??.??"]
[SourceDate "2004.08.21"]

1. d4 d5 2. Nc3 Nf6 3. Bg5 Bf5 4. Bxf6 exf6 5. e3 c6 6. Bd3 Be6 7. Qf3 Qd7 8.
h3 f5 9. Nge2 Bd6 10. Nf4 Qe7 11. Nce2 Nd7 12. g4 fxg4 13. hxg4 Bxf4 14. Qxf4
O-O-O 15. O-O-O h6 16. Ng3 Nf6 17. Nf5 Bxf5 18. Bxf5+ Nd7 19. c4 g6 20. Bd3 Nf6
21. Kb1 h5 22. gxh5 Nxh5 23. Bf5+ gxf5 24. Qxf5+ Qe6 25. Rxh5 Rxh5 26. Qxh5
dxc4 27. Rc1 b5 28. Ka1 Kb7 29. Rg1 a5 30. Rg7 Rd7 31. a4 c3 32. axb5 Qb3 33.
bxc6+ Ka6 34. Qe2+ Ka7 35. Rg5 f5 36. Rxf5 Qa4+ 37. Kb1 Rg7 38. Rxa5+ Qxa5 39.
Qc4 Qf5+ 40. Ka2 Qa5+ 41. Kb3 cxb2 42. Kxb2 Kb6 43. d5 Qd2+ 44. Kb3 Ra7 45.
Qb4+ Qxb4+ 46. Kxb4 Rf7 47. Kc4 Rxf2 48. Kd4 Rd2+ 49. Ke5 Kc7 50. e4 Re2 51.
Kd4 Kd6 52. Kd3 Re1 53. Kd4 Rd1+ 54. Kc4 Ra1 55. Kb5 Re1 56. Kb6 Rxe4 57. Kb7
Rb4+ 58. Kc8 Rb5 0-1

[Event "Stare Mesto OPEN"]
[Site "?"]
[Date "2004.08.21"]
[Round "10.10"]
[White "Grecescu, Gabriel-Andrei"]
[Black "Bazant, Petr jr"]
[Result "1/2-1/2"]
[WhiteElo "2264"]
[BlackElo "2384"]
[PlyCount "134"]
[EventDate "2004.??.??"]
[SourceDate "2004.08.21"]

1. c4 Nf6 2. g3 e5 3. Bg2 Bc5 4. Nc3 O-O 5. e3 Re8 6. Nge2 c6 7. e4 d5 8. cxd5
Bg4 9. h3 Bh5 10. d3 cxd5 11. exd5 Nbd7 12. O-O Nb6 13. Ne4 Be7 14. g4 Bg6 15.
Nxf6+ Bxf6 16. Nc3 Qd7 17. a4 Rad8 18. a5 Nc8 19. Be3 Be7 20. d4 Bd6 21. dxe5
Bxe5 22. Bd4 Bb8 23. f4 f6 24. Qf3 Nd6 25. Rfe1 Bf7 26. Qf2 a6 27. Rxe8+ Rxe8
28. Na4 Nc4 29. b3 Nd6 30. Nc5 Qe7 31. Qd2 Nb5 32. Bf2 Bd6 33. Ne6 Nc7 34. f5
Nb5 35. Qc2 Be5 36. Rc1 Qa3 37. Bc5 Qxa5 38. b4 Qa3 39. Rd1 Qg3 40. Qd3 Qh2+
41. Kf1 Bd6 42. Qe3 h6 43. Kf2 Rc8 44. Rh1 Qe5 45. Qxe5 Bxe5 46. Rd1 Nd6 47.
Re1 Nb5 48. d6 Nxd6 49. Rxe5 fxe5 50. Bxd6 Rc2+ 51. Kg1 b6 52. Bxe5 a5 53. bxa5
bxa5 54. Nxg7 a4 55. f6 Re2 56. Bd6 Rd2 57. Bb4 Rb2 58. Be7 Rb1+ 59. Kf2 Rb2+
60. Kg3 a3 61. Bxa3 Rb3+ 62. Kh4 Rxa3 63. Nf5 Kh7 64. Be4 Bg6 65. Bd5 Bxf5 66.
gxf5 Rd3 67. Be6 Ra3 1/2-1/2

[Event "Stare Mesto OPEN"]
[Site "?"]
[Date "2004.08.21"]
[Round "10.11"]
[White "Dauth, Benjamin"]
[Black "Mudrak, Josef"]
[Result "0-1"]
[WhiteElo "2271"]
[BlackElo "2353"]
[PlyCount "130"]
[EventDate "2004.??.??"]
[SourceDate "2004.08.21"]

1. e4 g6 2. d4 Bg7 3. c3 d6 4. Bd3 Nf6 5. Ne2 e5 6. O-O O-O 7. f4 c6 8. Na3 b5
9. Nc2 a6 10. a4 Bb7 11. Qe1 c5 12. fxe5 dxe5 13. Bg5 Qd6 14. Qh4 Nbd7 15. axb5
axb5 16. dxe5 Qxd3 17. exf6 Rxa1 18. Nxa1 Nxf6 19. Bxf6 Bxf6 20. Qxf6 Qxe2 21.
Rf2 Qe1+ 22. Rf1 Qxe4 23. Qf2 Bd5 24. Re1 Qg4 25. Nc2 Rc8 26. Ne3 Qe4 27. h3
Be6 28. Ng4 Qc4 29. Re4 Qa2 30. Nf6+ Kg7 31. Qf4 Qa1+ 32. Kh2 Qa7 33. Qg5 Qc7+
34. Kh1 Ra8 35. Nh5+ Kf8 36. Qh6+ Ke8 37. Nf4 Ra1+ 38. Kh2 Rf1 39. g3 Qc6 40.
Nxe6 Rh1+ 41. Kxh1 Qxe4+ 42. Kh2 Qc2+ 43. Kg1 Qb1+ 44. Kf2 Qxb2+ 45. Kf1 Qb1+
46. Kf2 Qa2+ 47. Kf3 Qxe6 48. Qxh7 Qf6+ 49. Ke4 Qxc3 50. Kd5 Qd4+ 51. Kc6 b4
52. h4 b3 53. h5 Qf6+ 54. Kc7 Kf8 55. hxg6 fxg6 56. Qh1 b2 57. g4 c4 58. g5
Qe5+ 59. Kc6 c3 60. Qd1 Qe4+ 61. Kc5 b1=Q 62. Qd8+ Qe8 63. Qf6+ Kg8 64. Kd4
Qd1+ 65. Kxc3 Qc8+ 0-1

[Event "Stare Mesto OPEN"]
[Site "?"]
[Date "2004.08.21"]
[Round "10.12"]
[White "Symbor, Przemyslaw"]
[Black "Karlik, Vladimir"]
[Result "0-1"]
[WhiteElo "2243"]
[BlackElo "2348"]
[PlyCount "54"]
[EventDate "2004.??.??"]
[SourceDate "2004.08.21"]

1. c4 g6 2. g3 Bg7 3. Bg2 e5 4. Nc3 d6 5. d3 Nc6 6. e4 Be6 7. Nge2 Qd7 8. Nd5
Nce7 9. h3 c6 10. Ne3 f5 11. d4 fxe4 12. d5 cxd5 13. cxd5 Bf7 14. Bxe4 Nf6 15.
Bg2 O-O 16. O-O Nf5 17. Kh2 Nd4 18. Nc3 Nb5 19. Ne4 Nxe4 20. Bxe4 Nd4 21. Bd2
Qb5 22. Bc3 Be8 23. h4 Qb6 24. Kg2 Nf5 25. Nc4 Qc5 26. Nd2 Bb5 27. Re1 Nxh4+
0-1

[Event "Stare Mesto OPEN"]
[Site "?"]
[Date "2004.08.21"]
[Round "10.13"]
[White "Kantorik, Marian"]
[Black "Bugalski, Michal"]
[Result "1-0"]
[WhiteElo "2331"]
[BlackElo "2216"]
[PlyCount "67"]
[EventDate "2004.??.??"]
[SourceDate "2004.08.21"]

1. d4 d5 2. c4 c6 3. Nf3 Nf6 4. Nc3 e6 5. Bg5 h6 6. Bh4 dxc4 7. e4 g5 8. Bg3 b5
9. h4 b4 10. Na4 Nxe4 11. Be5 Rg8 12. Qc2 Nf6 13. Bxc4 g4 14. Nd2 Nbd7 15. O-O
Bb7 16. Rfe1 Nxe5 17. dxe5 Nd7 18. Ne4 Nxe5 19. Rad1 Qxh4 20. Ng3 Nxc4 21. Qxc4
Be7 22. Qd4 Bc8 23. Qc4 Bb7 24. Qd4 Bc8 25. Nc5 Kf8 26. Qxb4 Rg5 27. Rd8+ Kg7
28. Qc3+ Bf6 29. Rg8+ Kxg8 30. Qxf6 Rh5 31. Nxh5 Qxh5 32. Rd1 Ba6 33. Nxe6 fxe6
34. Rd7 1-0

[Event "Stare Mesto OPEN"]
[Site "?"]
[Date "2004.08.21"]
[Round "10.14"]
[White "Neumeier, Lars"]
[Black "Kotan, Ladislav"]
[Result "0-1"]
[WhiteElo "2254"]
[BlackElo "2325"]
[PlyCount "42"]
[EventDate "2004.??.??"]
[SourceDate "2004.08.21"]

1. Nf3 d5 2. c4 c6 3. b3 Nf6 4. Bb2 Bf5 5. e3 h6 6. d4 e6 7. a3 a5 8. Bd3 Bxd3
9. Qxd3 Nbd7 10. Nbd2 Qb8 11. O-O Bd6 12. e4 dxe4 13. Nxe4 Nxe4 14. Qxe4 O-O
15. Rfe1 Re8 16. d5 exd5 17. Qg4 Ne5 18. Nxe5 Bxe5 19. Rxe5 Rxe5 20. f4 f5 21.
Bxe5 Qa7+ 0-1

[Event "Stare Mesto OPEN"]
[Site "?"]
[Date "2004.08.21"]
[Round "10.15"]
[White "Havranek, Miroslav"]
[Black "Jurcik, Marian"]
[Result "1/2-1/2"]
[WhiteElo "2238"]
[BlackElo "2278"]
[PlyCount "32"]
[EventDate "2004.??.??"]
[SourceDate "2004.08.21"]

1. e4 c5 2. c4 Nc6 3. Nc3 e6 4. g3 g6 5. Bg2 Bg7 6. Nge2 Nge7 7. O-O O-O 8. d3
a6 9. a3 Rb8 10. Be3 Nd4 11. Rb1 b5 12. b4 cxb4 13. axb4 Nec6 14. Nxd4 Nxd4 15.
Ne2 Nc6 16. Qd2 f5 1/2-1/2

[Event "Stare Mesto OPEN"]
[Site "?"]
[Date "2004.08.21"]
[Round "10.16"]
[White "Vrana, Frantisek"]
[Black "Rubal, Adam"]
[Result "1/2-1/2"]
[WhiteElo "2275"]
[BlackElo "2227"]
[PlyCount "27"]
[EventDate "2004.??.??"]
[SourceDate "2004.08.21"]

1. e4 c5 2. Nf3 e6 3. d3 Nc6 4. g3 d6 5. b3 Be7 6. Bb2 Bf6 7. c3 Nge7 8. Qe2
O-O 9. Bg2 a5 10. a4 b6 11. O-O Ba6 12. Na3 Ng6 13. Rad1 d5 14. Nd2 1/2-1/2

[Event "Stare Mesto OPEN"]
[Site "?"]
[Date "2004.08.21"]
[Round "10.17"]
[White "Rachela, Milan"]
[Black "Holusova, Tana"]
[Result "1-0"]
[WhiteElo "2308"]
[BlackElo "2153"]
[PlyCount "87"]
[EventDate "2004.??.??"]
[SourceDate "2004.08.21"]

1. d4 Nf6 2. Nf3 b6 3. Nc3 Bb7 4. Bg5 e6 5. e4 h6 6. Bxf6 Qxf6 7. Bd3 Bb4 8.
O-O Bxc3 9. bxc3 d6 10. Nd2 e5 11. f4 exf4 12. g3 Nd7 13. Rxf4 Qe7 14. Qg4 g5
15. Rf5 O-O-O 16. Raf1 Rdf8 17. Nc4 f6 18. Ne3 h5 19. Qf3 c6 20. a4 Re8 21. Re1
Kc7 22. c4 Rh6 23. c3 Bc8 24. Rf1 Bb7 25. Qg2 Qg7 26. a5 Rhh8 27. axb6+ axb6
28. c5 dxc5 29. dxc5 g4 30. cxb6+ Kd8 31. R5f4 Qf8 32. Nc4 h4 33. Rxg4 hxg3 34.
Rxg3 Rh4 35. Qf2 Qe7 36. Rg2 Reh8 37. Qd4 Ba6 38. Na5 Bxd3 39. Nxc6+ Ke8 40.
Nxe7 Bxf1 41. Kxf1 Rf4+ 42. Ke2 Rhh4 43. Rg8+ Nf8 44. Rxf8+ 1-0

[Event "Stare Mesto OPEN"]
[Site "?"]
[Date "2004.08.21"]
[Round "10.18"]
[White "Vyskocil, Neklan"]
[Black "Steppuhn, Thomas"]
[Result "1-0"]
[WhiteElo "2305"]
[BlackElo "2151"]
[PlyCount "53"]
[EventDate "2004.??.??"]
[SourceDate "2004.08.21"]

1. e4 e6 2. d4 b6 3. Bd3 Bb7 4. Qe2 c5 5. d5 Nf6 6. c4 d6 7. Nc3 Nbd7 8. Nf3 e5
9. O-O Be7 10. g3 O-O 11. Nh4 g6 12. Ng2 Ne8 13. f4 Bf6 14. f5 Bg5 15. Ne3 Ba6
16. Kg2 Bh6 17. h4 Ng7 18. g4 g5 19. f6 Nxf6 20. Nf5 Nxf5 21. exf5 e4 22. Bc2
Nd7 23. f6 Nxf6 24. hxg5 Bxc4 25. Qxc4 Nxg4 26. Qxe4 f5 27. Rxf5 1-0

[Event "Stare Mesto OPEN"]
[Site "?"]
[Date "2004.08.21"]
[Round "10.19"]
[White "Dlugosz, Jedrzej"]
[Black "Stehlik, Jiri"]
[Result "1/2-1/2"]
[WhiteElo "2270"]
[BlackElo "2151"]
[PlyCount "21"]
[EventDate "2004.??.??"]
[SourceDate "2004.08.21"]

1. e4 c5 2. Nf3 Nc6 3. d4 cxd4 4. Nxd4 g6 5. c4 Bg7 6. Be3 Nf6 7. Nc3 d6 8. Be2
O-O 9. Qd2 Ng4 10. Bxg4 Bxg4 11. f3 1/2-1/2

[Event "Stare Mesto OPEN"]
[Site "?"]
[Date "2004.08.21"]
[Round "10.20"]
[White "Knotek, Josef"]
[Black "Shanel, Jaroslav"]
[Result "1-0"]
[WhiteElo "2239"]
[BlackElo "2128"]
[PlyCount "39"]
[EventDate "2004.??.??"]
[SourceDate "2004.08.21"]

1. d4 d6 2. e4 Nf6 3. Nc3 c6 4. f4 g6 5. Nf3 Bg7 6. Bd3 O-O 7. O-O e5 8. dxe5
dxe5 9. f5 b5 10. fxg6 hxg6 11. Kh1 Nbd7 12. Bg5 Qc7 13. Qe1 Nh7 14. Bxb5 f6
15. Bc4+ Kh8 16. Qh4 Qd8 17. Bh6 Qe7 18. Rad1 Nc5 19. Be3 Ne6 20. Nxe5 1-0

[Event "Stare Mesto OPEN"]
[Site "?"]
[Date "2004.08.??"]
[Round "10.21"]
[White "Buran, Jaroslav"]
[Black "Ponizil, Cyril"]
[Result "1/2-1/2"]
[WhiteElo "2235"]
[BlackElo "2111"]
[PlyCount "39"]
[EventDate "2004.??.??"]
[SourceDate "2004.08.21"]

1. d4 Nf6 2. Nf3 g6 3. c3 d6 4. Bg5 Nbd7 5. Qc1 h6 6. Bf4 Bg7 7. h3 b6 8. Nbd2
Bb7 9. e3 O-O 10. Be2 c5 11. O-O Rc8 12. a4 a6 13. Re1 Nd5 14. Bg3 cxd4 15.
exd4 N7f6 16. Bf1 Nh5 17. Bh2 Nhf4 18. Nc4 Ne6 19. Qd2 g5 20. Ne3 1/2-1/2

[Event "Stare Mesto OPEN"]
[Site "?"]
[Date "2004.08.21"]
[Round "10.22"]
[White "Snyta, Zdenek"]
[Black "Mojzis, Jaroslav"]
[Result "1-0"]
[WhiteElo "2063"]
[BlackElo "2217"]
[PlyCount "101"]
[EventDate "2004.??.??"]
[SourceDate "2004.08.21"]

1. e4 e5 2. Nc3 Nf6 3. f4 d5 4. fxe5 Nxe4 5. d3 Nxc3 6. bxc3 d4 7. Nf3 Nc6 8.
Be2 Be7 9. O-O O-O 10. Qe1 f6 11. exf6 Bxf6 12. c4 Re8 13. Qf2 Bg4 14. Bd2 Qd7
15. Rae1 Re7 16. Ng5 Bxe2 17. Rxe2 Rxe2 18. Qxe2 Bxg5 19. Bxg5 Re8 20. Qf2 b6
21. Bc1 Nd8 22. Qf5 Qxf5 23. Rxf5 Re1+ 24. Rf1 Re2 25. Rf2 Re1+ 26. Rf1 Re2 27.
Rf2 Re5 28. Bf4 Ra5 29. Bxc7 Ne6 30. Bd6 Rxa2 31. g4 a5 32. Kg2 a4 33. Kf3 Ng5+
34. Kg3 Nf7 35. Bc7 Rb2 36. Re2 Kf8 37. Re6 a3 38. Bxb6 h6 39. Bxd4 Rxc2 40.
Bc5+ Kg8 41. Bxa3 Rc3 42. Bc5 Rxd3+ 43. Re3 Rd1 44. Be7 Rc1 45. c5 Nh8 46. h3
Ng6 47. Bd6 Kf7 48. Kf3 Rc4 49. Ke2 Nf4+ 50. Bxf4 Rxf4 51. Rf3 1-0

[Event "Stare Mesto OPEN"]
[Site "?"]
[Date "2004.08.21"]
[Round "10.23"]
[White "Karhanek, Pavel"]
[Black "Krizek, Frantisek"]
[Result "1-0"]
[WhiteElo "2211"]
[BlackElo "2083"]
[PlyCount "55"]
[EventDate "2004.??.??"]
[SourceDate "2004.08.21"]

1. d4 c5 2. c3 cxd4 3. cxd4 d5 4. Nc3 Nf6 5. Bg5 e6 6. e3 Be7 7. Bd3 Nc6 8. f4
h6 9. Bxf6 Bxf6 10. Nf3 Qb6 11. Qe2 Nb4 12. Bb5+ Bd7 13. Bxd7+ Kxd7 14. O-O
Rac8 15. a3 Nc6 16. f5 Ne7 17. Na4 Qc6 18. Nc5+ Ke8 19. fxe6 fxe6 20. Rac1 b6
21. Nd3 Qb7 22. Rxc8+ Nxc8 23. Nfe5 Nd6 24. Qg4 Nf5 25. Qh5+ Kf8 26. Ng6+ Kg8
27. Nxh8 Kxh8 28. Qe8+ 1-0

[Event "Stare Mesto OPEN"]
[Site "?"]
[Date "2004.08.21"]
[Round "10.24"]
[White "Medunova, Vera"]
[Black "Svoboda, Rostislav"]
[Result "1-0"]
[WhiteElo "2191"]
[BlackElo "2110"]
[PlyCount "71"]
[EventDate "2004.??.??"]
[SourceDate "2004.08.21"]

1. e4 c5 2. Nf3 Nc6 3. d4 cxd4 4. Nxd4 Nf6 5. Nc3 e5 6. Ndb5 d6 7. Nd5 Nxd5 8.
exd5 Nb8 9. c4 Be7 10. c5 O-O 11. Bc4 a6 12. Nxd6 Bxd6 13. cxd6 Qxd6 14. O-O
Nd7 15. Be3 b5 16. Bb3 Bb7 17. Qd2 Rac8 18. h3 Nc5 19. Bxc5 Rxc5 20. Rac1 Rfc8
21. Rxc5 Rxc5 22. Rd1 Rc8 23. Rc1 Rd8 24. a3 h6 25. Ba2 Re8 26. b4 e4 27. Qd4
Re5 28. Re1 Rg5 29. Rxe4 Bxd5 30. Rg4 Re5 31. f4 Re1+ 32. Kh2 Rh1+ 33. Kg3 g6
34. Qxd5 Qe7 35. Rxg6+ Kf8 36. Qa8+ 1-0

[Event "Stare Mesto OPEN"]
[Site "?"]
[Date "2004.08.21"]
[Round "10.25"]
[White "Valenta, Vit"]
[Black "Krawczyk, Andrzej"]
[Result "1/2-1/2"]
[WhiteElo "2182"]
[BlackElo "2002"]
[PlyCount "83"]
[EventDate "2004.??.??"]
[SourceDate "2004.08.21"]

1. e4 e6 2. d4 d5 3. Nc3 dxe4 4. Nxe4 Nd7 5. Nf3 Ngf6 6. Nxf6+ Nxf6 7. Bf4 Bd6
8. Bxd6 cxd6 9. Bd3 O-O 10. O-O b6 11. Re1 Bb7 12. c3 Qd7 13. Re3 Nd5 14. Re4
f5 15. Re1 Nf4 16. Bf1 Rae8 17. g3 Qc6 18. gxf4 Qxf3 19. Qxf3 Bxf3 20. Bb5 Re7
21. Re3 Bb7 22. Rae1 Rf6 23. Bc4 Kf7 24. d5 Bc8 25. Kf1 Rh6 26. h3 Rh4 27.
dxe6+ Kf6 28. Rd1 Rxf4 29. Bb3 Re4 30. Rxe4 fxe4 31. Rxd6 Bxe6 32. Ke2 Ke5 33.
Rxe6+ Rxe6 34. Bxe6 Kxe6 35. Ke3 Ke5 36. c4 a5 37. b3 Kf5 38. a3 Ke5 39. b4
axb4 40. axb4 g6 41. c5 bxc5 42. bxc5 1/2-1/2

[Event "Stare Mesto OPEN"]
[Site "?"]
[Date "2004.08.21"]
[Round "10.28"]
[White "Volodin, Viktor"]
[Black "Paral, Stanislav"]
[Result "1-0"]
[WhiteElo "2247"]
[BlackElo "2120"]
[PlyCount "101"]
[EventDate "2004.??.??"]
[SourceDate "2004.08.21"]

1. Nf3 g6 2. c4 Bg7 3. d4 d5 4. cxd5 Qxd5 5. Nc3 Qa5 6. g3 c6 7. Bg2 Qb6 8. O-O
Bg4 9. Na4 Qb5 10. h3 Bxf3 11. Bxf3 Nd7 12. Nc3 Qb6 13. e3 e6 14. b3 Ne7 15.
Ba3 f5 16. Qd2 Rd8 17. Rac1 Ne5 18. Be2 Nf7 19. Bc4 Nd5 20. Na4 Ng5 21. Kg2 Ne4
22. Qe1 Qc7 23. Nc5 Nxc5 24. Bxc5 b6 25. Ba3 Kf7 26. Bb5 c5 27. dxc5 Qe5 28.
Be2 Bh6 29. Bf3 Rc8 30. Rc2 Rhd8 31. Bb2 Qb8 32. Bd4 e5 33. Bb2 bxc5 34. Qc1
Bf8 35. Rd2 Nb4 36. Qc4+ Kf6 37. Rfd1 Bd6 38. Qh4+ Kf7 39. Qxh7+ Kf6 40. Qh4+
Ke6 41. Qg5 Kf7 42. Bxe5 Bxe5 43. Rxd8 Rxd8 44. Qxd8 Qxd8 45. Rxd8 Nxa2 46.
Bd5+ Kf6 47. Rd7 Bb8 48. f4 g5 49. Rf7+ Kg6 50. Rb7 Nb4 51. Bf7+ 1-0

[Event "Stare Mesto OPEN"]
[Site "?"]
[Date "2004.08.21"]
[Round "10.29"]
[White "Stamoudis, Chrysafis"]
[Black "Tsifanskaya, Ludmila"]
[Result "1/2-1/2"]
[WhiteElo "2075"]
[BlackElo "2216"]
[PlyCount "75"]
[EventDate "2004.??.??"]
[SourceDate "2004.08.21"]

1. e4 c5 2. f4 e6 3. Nf3 d5 4. exd5 exd5 5. Bb5+ Nc6 6. Qe2+ Qe7 7. Ne5 Bd7 8.
Bxc6 Bxc6 9. Nxc6 bxc6 10. d3 Qxe2+ 11. Kxe2 O-O-O 12. c4 Bd6 13. Nc3 Ne7 14.
Bd2 dxc4 15. dxc4 Nf5 16. Kf2 Bc7 17. Rad1 Rd4 18. g3 Rxc4 19. Rhe1 Rd4 20. Be3
Nxe3 21. Rxe3 Rhd8 22. Ke2 Ba5 23. Rdd3 Bxc3 24. bxc3 Ra4 25. Re7 Rxa2+ 26. Ke3
Rxh2 27. Rxf7 g6 28. Rxa7 Rxd3+ 29. Kxd3 Rh3 30. Kc4 h5 31. Kxc5 Rxg3 32. Kxc6
Rxc3+ 33. Kd5 h4 34. Rh7 h3 35. Ke5 Kd8 36. Kf6 Rg3 37. Ke6 Rf3 38. Kf6 1/2-1/2

[Event "Stare Mesto OPEN"]
[Site "?"]
[Date "2004.08.21"]
[Round "10.30"]
[White "Kovacik, Emil"]
[Black "Camus, Berenger"]
[Result "1-0"]
[WhiteElo "2178"]
[BlackElo "2092"]
[PlyCount "65"]
[EventDate "2004.??.??"]
[SourceDate "2004.08.21"]

1. e4 c5 2. Nc3 Nc6 3. g3 e6 4. Bg2 Nf6 5. Nge2 d5 6. exd5 exd5 7. d4 cxd4 8.
Nxd4 Qb6 9. Nce2 Bc5 10. c3 Bg4 11. h3 Bh5 12. O-O O-O 13. Nb3 Rfe8 14. g4 Nxg4
15. hxg4 Bxg4 16. Qxd5 Re5 17. Nf4 Rxd5 18. Nxd5 Qd8 19. Nxc5 Ne5 20. Re1 Nf3+
21. Bxf3 Bxf3 22. Ne7+ Kh8 23. Bf4 b6 24. Nb3 Qd7 25. Nd4 Qg4+ 26. Bg3 Bb7 27.
Re5 h5 28. Kh2 h4 29. Rg1 f6 30. Re3 Re8 31. Ndf5 Bc8 32. Bxh4 Qh5 33. Ng6+ 1-0